000 00417cam a2200169ua 4500
020 _c3.00
041 _amal
_h
082 _a894.812308
_bSEG/AV
100 _aSeghers, Anna .
245 _aAvante thalakkoru sammanam /
_cSeghers Anna.
_hTextual Documents
260 _aEranakulam :
_bC I C C Book House ,
_c1961.
300 _a299 ; .
365 _a3.00
504 _a
942 _cBK
999 _c6545
_d6545